00540nam a2200181 a 45000010005000000030009000050080041000140400028000550820015000831000028000982450104001262500007002302600038002373000015002756500016002906500025003066500027003313698CO-ViMGA141112s2004 ck r 000 u spa d aCO-ViMGAbspacCO-ViMGA04a668.6 R6151 aRobledo de Pedro, Felix10aAplicación de los plásticos en la agricultura / cRobledo de Pedro Felix , Martin Vicente Luis  a2a aMadrid : bMundi - Prensa, c1988 a573 p : il14aINVERNADERO14aMartin Vicente, Luis14aPLASTICO Y AGRICULTURA